<?xml version="1.0" encoding="UTF-8"?>
<record
    xmlns:xsi="http://www.w3.org/2001/XMLSchema-instance"
    xsi:schemaLocation="http://www.loc.gov/MARC21/slim http://www.loc.gov/standards/marcxml/schema/MARC21slim.xsd"
    xmlns="http://www.loc.gov/MARC21/slim">

  <leader>00540nam a2200145   4500</leader>
  <controlfield tag="008">708 N231d</controlfield>
  <datafield tag="020" ind1=" " ind2=" ">
    <subfield code="a">9986957176</subfield>
  </datafield>
  <datafield tag="082" ind1=" " ind2=" ">
    <subfield code="a">708</subfield>
    <subfield code="b">N231d</subfield>
  </datafield>
  <datafield tag="100" ind1=" " ind2=" ">
    <subfield code="a">Kuizinas, Kestusis  &amp; Valatkevicius, Jonas (edici&#xF3;n)</subfield>
    <subfield code="9">6436</subfield>
  </datafield>
  <datafield tag="245" ind1=" " ind2=" ">
    <subfield code="a">Deimantas Narkevicius:</subfield>
    <subfield code="b">Lithuanian Pavilion</subfield>
  </datafield>
  <datafield tag="260" ind1=" " ind2=" ">
    <subfield code="a">Vilnius</subfield>
    <subfield code="b">Sapnu Sala Printing House</subfield>
    <subfield code="c">2001</subfield>
  </datafield>
  <datafield tag="300" ind1=" " ind2=" ">
    <subfield code="a">66 p.</subfield>
    <subfield code="b">ill (col)</subfield>
    <subfield code="c">22.5 x 18 cm</subfield>
  </datafield>
  <datafield tag="650" ind1=" " ind2=" ">
    <subfield code="x">arte contempor&#xE1;neo</subfield>
    <subfield code="x">are - exhibici&#xF3;n</subfield>
    <subfield code="x">Lituania</subfield>
    <subfield code="x">Bienal de Venecia 2004</subfield>
    <subfield code="x">Narkevicius, Deimantas</subfield>
    <subfield code="9">6437</subfield>
  </datafield>
  <datafield tag="700" ind1=" " ind2=" ">
    <subfield code="a">Kreuger, Anders (traducci&#xF3;n)</subfield>
    <subfield code="9">6438</subfield>
  </datafield>
  <datafield tag="999" ind1=" " ind2=" ">
    <subfield code="c">1515</subfield>
    <subfield code="d">1515</subfield>
  </datafield>
  <datafield tag="952" ind1=" " ind2=" ">
    <subfield code="0">0</subfield>
    <subfield code="1">0</subfield>
    <subfield code="2">ddc</subfield>
    <subfield code="4">0</subfield>
    <subfield code="7">0</subfield>
    <subfield code="a">LV</subfield>
    <subfield code="b">LV</subfield>
    <subfield code="c">Eventos y Bienales</subfield>
    <subfield code="d">2018-06-28</subfield>
    <subfield code="l">0</subfield>
    <subfield code="o">708 N231d</subfield>
    <subfield code="p">001080</subfield>
    <subfield code="r">2018-06-28 00:00:00</subfield>
    <subfield code="w">2018-06-28</subfield>
    <subfield code="y">01</subfield>
  </datafield>
</record>
